000 00909nam a2200229 a 4500
001 51345
003 BD-RjUL
005 20211209075638.0
008 160830s1968 ii ||||| |||| 00| 0 ben d
020 _c: Tk. 7.50
035 _a(BD-RjUL)\51465
040 _aBD-RjUL
_bben
_cBD-RjUL
041 _aben
082 _a891.4409
_bKHB 1968
100 1 _aখান, আজহারউদ্দীন
_9153556
245 1 0 _aবাংলা সাহিত্যে মুহম্মদ শহীদুল্লাহ /
_cআজহারউদ্দীন খান
260 _aকলিকাতা :
_bজিজ্ঞাসা,
_c১৯৬৮
300 _a[১৮], ১৭৯ পৃ . ;
_c১৯ সেমি.
650 _aবাংলা সাহিত্য
_xইতিহাস ও সমালোচনা
_9123674
650 _aBengali Literature
_xHistory and criticism
_9122764
942 _2ddc
_cBK
999 _c51345
_d51345